005000000a22001210004500090001700000245016600017041001400183700003100197100003200228942001300260773008800273999001700361 aAsbSeriadas10aDeterminación y notas sobre los Conocephalinae (Orthóptera: Tettigoniidae) presentes en la colección del Museo de Entomología de la Universidad del Valle0 aEspañol1 aGonzález, Ranulfo9923921 aMontealegre, Fernando97332 cARTICULO1 tBoletín del Museo de Entomología de la Universidad del Valleh1q37-44d1995g3 c15724d15724